00166nam a22000857a 4500040000800000082000800008100001600016245003800032300001000070 cdlc a821 aJohn Milton aThe English Poems of John Milton  a601;p